| 000 | 00527nam a2200169 i 4500 | ||
|---|---|---|---|
| 001 | 72910 | ||
| 003 | ES-MaACL | ||
| 005 | 20230906171611.0 | ||
| 007 | t| | ||
| 008 | 040903s1959 cu ||||1| spa d | ||
| 100 | 1 |
_aGómez, José Jorge. _957771 |
|
| 245 | 1 | 3 |
_aLa corteza y la savia _b: (cuentos) / _cBaltasar Enero (seud.) ; prólogo de Rafael Marquina. |
| 260 |
_aLa Habana : _bPresencia, _c[1959] ( _fMéndez) |
||
| 300 |
_a143 p. ; _c22 cm. |
||
| 700 | 1 |
_aMarquina, Rafael. _9139054 |
|
| 852 |
_aES-MaACL _jC-19590 _bR.46808 |
||
| 999 |
_c72910 _d72910 |
||